00361nam a2200145Ia 4500008004100000020001900041041000800060082001600068100002300084245003100107250000800138260004300146300000900189650001700198230721s2002 xx 000 0 und d a9780766818897  aeng a611.314,SHO aSHORT MARJORIE J.  aHEAD NECK & DENTAL ANATOMY a3RD b22552THOMSON DELMAR LEARNING NEWc2002 a262  aOral Anatomy